| 000 | 00398nam a22001217a 4500 | ||
|---|---|---|---|
| 082 | _a200 THE | ||
| 100 |
_aAli Javed Khan _970718 |
||
| 245 | _aTH-SOF-1076-Development of Material Model for Assessment of Brittle Cracking Behavior of Plexiglass | ||
| 260 |
_aISLAMABAD _bNUST COLLEGE OF EME _c2014 |
||
| 650 | _aMS-MECH-68 MSTHESIS | ||
| 700 |
_aSUPERVISOR Dr Hasan Aftab Saeed _969767 |
||
| 942 | _cCF | ||
| 999 |
_c577629 _d577629 |
||